| 000 | 00792nam a2200241 4500 | ||
|---|---|---|---|
| 999 |
_c4872 _d4872 |
||
| 001 | 3142925 | ||
| 003 | GBCCL | ||
| 005 | 20241126110528.0 | ||
| 008 | 730924s1973 ilu b 000 0 eng | ||
| 010 | _a 73081006 | ||
| 020 |
_a0842320857 _a0842320865 (pbk.) |
||
| 040 |
_aDLC _cDLC _dDLC |
||
| 050 | 0 | 0 |
_aBS680.E8 _bW54 |
| 082 | 0 | 0 |
_a236 _bWIL |
| 100 | 1 |
_aWillmington, H. L. _98870 |
|
| 245 | 1 | 4 |
_aThe King is coming; _ban outline study of the last days _c[by] H. L. Willmington. With a foreword by Jerry Falwell. |
| 260 |
_aWheaton, Ill., _bTyndale House Publishers _c[1973] |
||
| 300 |
_a236 p. _c22 cm. |
||
| 504 | _aIncludes bibliographical references. | ||
| 650 | 0 |
_aEschatology _xBiblical teaching. _92327 |
|
| 906 |
_a7 _bcbc _corignew _d2 _eopcn _f19 _gy-gencatlg |
||
| 942 |
_2ddc _cBK _016 |
||